[Event "FIN-chT2 Gp1 1718"]
[Site "Finland"]
[Date "2017.10.21"]
[Round "2.4"]
[White "Kokkala, Janne"]
[Black "Puroila, Sippo"]
[Result "1/2-1/2"]
[WhiteElo "1960"]
[BlackElo "1833"]
[PlyCount "168"]
[EventDate "2017.09.16"]
[EventType "team-tourn"]
[EventRounds "7"]
[EventCountry "FIN"]
[SourceTitle "EXT 2020"]
[Source "ChessBase"]
[SourceDate "2019.10.17"]
[SourceVersion "1"]
[SourceVersionDate "2019.10.17"]
[SourceQuality "1"]
[WhiteTeam "Helsinki Passi"]
[BlackTeam "Helsinki X"]
[WhiteTeamCountry "FIN"]
[BlackTeamCountry "FIN"]

1. e4 c5 2. Nc3 e6 3. g3 Nc6 4. Bg2 a6 5. d3 Nf6 6. Be3 d6 7. h3 Qc7 8. Qd2 Bd7 9. Nge2 Be7 10. 0-0 b5 11. a3 Rb8 12. f4 h5 13. Rae1 b4 14. axb4 cxb4 15. Nd1 g6 16. f5 gxf5 17. exf5 e5 18. Bg5 Nd8 19. Kh2 Bc6 20. Bxc6+ Nxc6 21. Ne3 Ne4 22. Nd5 Nxd2 23. Nxc7+ Kd7 24. Bxd2 Kxc7 25. Ng1 Nd4 26. Nf3 Nxc2 27. Rc1 b3 28. Ne1 Kd7 29. Nxc2 bxc2 30. Rxc2 Rb3 31. Rfc1 Rhb8 32. Bc3 Bf6 33. Ra1 R8b6 34. Ra4 d5 35. Ra2 Rc6 36. Rc1 d4 37. Bd2 Rxc1 38. Bxc1 Rxd3 39. Rxa6 Rd1 40. Bf4 exf4 41. Rxf6 Ke7 42. Rc6 Rd2+ 43. Kg1 fxg3 44. b4 Rb2 45. f6+ Kd7 46. Rc4 Ke6 47. Rxd4 Kxf6 48. Rd3 h4 49. Rd4 Kg5 50. Rg4+ Kh5 51. Rf4 f6 52. Rxf6 Rxb4 53. Rf5+ Kg6 54. Ra5 Re4 55. Rb5 Kf6 56. Rh5 Rf4 57. Ra5 Rf5 58. Ra4 Kg5 59. Rg4+ Kh5 60. Ra4 Rf2 61. Ra5+ Kg6 62. Ra4 Kg5 63. Rg4+ Kh5 64. Ra4 Rh2 65. Ra5+ Kg6 66. Ra6+ Kf5 67. Ra5+ Ke6 68. Ra6+ Kd5 69. Ra5+ Kc6 70. Ra6+ Kb5 71. Rd6 Rxh3 72. Rd2 Kc4 73. Re2 Kd3 74. Rb2 Ke4 75. Ra2 Kf3 76. Ra3+ Kg4 77. Ra4+ Kf5 78. Ra5+ Ke4 79. Ra4+ Kd5 80. Ra5+ Kc4 81. Ra2 Kb3 82. Rd2 Kc3 83. Re2 Kd3 84. Ra2 Ke3 1/2-1/2

[Event "FIN-chT2 Gp2 1617"]
[Site "Finland"]
[Date "2017.01.14"]
[Round "5.4"]
[White "Kokkala, Janne"]
[Black "Riekkinen, Keijo"]
[Result "1-0"]
[WhiteElo "1939"]
[BlackElo "1738"]
[PlyCount "61"]
[EventDate "2016.09.17"]
[EventType "team-tourn"]
[EventRounds "7"]
[EventCountry "FIN"]
[SourceTitle "EXT 2019"]
[Source "ChessBase"]
[SourceDate "2018.10.10"]
[SourceVersion "1"]
[SourceVersionDate "2018.10.10"]
[SourceQuality "1"]
[WhiteTeam "Helsinki Passi"]
[BlackTeam "Salo SalSK II"]
[WhiteTeamCountry "FIN"]
[BlackTeamCountry "FIN"]

1. e4 e6 2. d3 c5 3. g3 Nc6 4. Bg2 Nf6 5. Nc3 Be7 6. f4 d5 7. e5 Nd7 8. Nf3 h6 9. 0-0 Nb6 10. a3 Bd7 11. Bd2 a6 12. Qe2 Nc8 13. f5 b5 14. Nxd5 exf5 15. Nf4 Be6 16. Nxe6 fxe6 17. Ng5 Kd7 18. Nf7 Qe8 19. Nxh8 N8a7 20. g4 Qxh8 21. gxf5 exf5 22. e6+ Kc8 23. Rxf5 Nd4 24. Qe4 Rb8 25. Bf4 Ndc6 26. Bxb8 Kxb8 27. Raf1 g5 28. Rf7 Qd4+ 29. Qxd4 cxd4 30. Bxc6 Nxc6 31. Rxe7 1-0

[Event "FIN-chT2 Gp2 1617"]
[Site "Finland"]
[Date "2016.10.09"]
[Round "3.4"]
[White "Kokkala, Janne"]
[Black "Laajo, Juha"]
[Result "1-0"]
[WhiteElo "1939"]
[BlackElo "1890"]
[PlyCount "57"]
[EventDate "2016.09.17"]
[EventType "team-tourn"]
[EventRounds "7"]
[EventCountry "FIN"]
[SourceTitle "EXT 2019"]
[Source "ChessBase"]
[SourceDate "2018.10.10"]
[SourceVersion "1"]
[SourceVersionDate "2018.10.10"]
[SourceQuality "1"]
[WhiteTeam "Helsinki Passi"]
[BlackTeam "Turku SY"]
[WhiteTeamCountry "FIN"]
[BlackTeamCountry "FIN"]

1. e4 c6 2. d4 d5 3. exd5 cxd5 4. c4 e6 5. Nc3 Nf6 6. Nf3 Be7 7. Be3 dxc4 8. Bxc4 0-0 9. 0-0 a6 10. Qe2 b5 11. Bd3 Bb7 12. a3 Nbd7 13. Rac1 Rc8 14. Ng5 Nb6 15. Nce4 Nxe4 16. Nxe4 Qd5 17. f3 Nd7 18. Rfd1 Rxc1 19. Rxc1 Nf6 20. Rc7 Bd6 21. Nxf6+ gxf6 22. Be4 Bxh2+ 23. Kh1 Bxc7 24. Bxd5 Bxd5 25. Bh6 Re8 26. f4 Kh8 27. Qh5 e5 28. Qf5 Bd8 29. Qd7 1-0

[Event "Helsinki We HSK 01 op"]
[Site "Helsinki"]
[Date "2015.01.25"]
[Round "4"]
[White "Kokkala, Janne"]
[Black "Lehtinen, Tero1111"]
[Result "0-1"]
[WhiteElo "1967"]
[BlackElo "1995"]
[PlyCount "144"]
[EventDate "2015.01.23"]
[EventType "swiss"]
[EventRounds "5"]
[EventCountry "FIN"]
[SourceTitle "EXT 2016"]
[Source "ChessBase"]
[SourceDate "2015.10.08"]
[SourceVersion "1"]
[SourceVersionDate "2015.10.08"]
[SourceQuality "1"]

1. e4 d5 2. exd5 Qxd5 3. Nc3 Qd8 4. d4 Nf6 5. Nf3 e6 6. Bc4 a6 7. 0-0 b5 8. Bb3 c5 9. dxc5 Qxd1 10. Rxd1 Bxc5 11. Bg5 Bb7 12. Rd3 Nc6 13. Bxf6 gxf6 14. Ne4 Be7 15. Nd6+ Bxd6 16. Rxd6 Rd8 17. Rad1 Rxd6 18. Rxd6 Ke7 19. Rd3 Na5 20. a4 b4 21. Nd2 Rd8 22. Rxd8 Kxd8 23. Ba2 Bc6 24. Nb3 Nb7 25. a5 Bd5 26. Nc1 Nxa5 27. Bxd5 exd5 28. Nd3 Nc6 29. Nf4 Ne7 30. Kf1 a5 31. Ke2 a4 32. Kd2 Kd7 33. Nd3 a3 34. bxa3 bxa3 35. Kc3 Nc6 36. Nc1 Ne5 37. h3 Nc4 38. Kb3 f5 39. Ne2 Ke6 40. Nd4+ Ke5 41. Nb5 Nb2 42. Nc3 d4 43. Ne2 Nd1 44. f3 Ne3 45. g3 a2 46. Kxa2 Nxc2 47. Kb2 Ne1 48. Ng1 Kd5 49. Kc1 Kc4 50. Kd2 Nd3 51. f4 Nf2 52. Nf3 Ne4+ 53. Kd1 f6 54. g4 fxg4 55. hxg4 Nf2+ 56. Kd2 Nxg4 57. Nh4 d3 58. Ng2 Nf2 59. Ke3 Nh3 60. Kd2 Kd4 61. f5 Ke4 62. Nh4 Nf4 63. Kd1 Ke3 64. Ke1 Nd5 65. Ng2+ Kf3 66. Nh4+ Kg3 67. Ng6 hxg6 68. fxg6 Kf3 69. g7 Ne7 70. Kd2 Ke4 71. Kd1 Ke3 72. Ke1 f5 0-1

[Event "Helsinki We HSK 01 op"]
[Site "Helsinki"]
[Date "2015.01.24"]
[Round "3"]
[White "Liimatainen, Jero"]
[Black "Kokkala, Janne"]
[Result "1-0"]
[WhiteElo "1942"]
[BlackElo "1967"]
[PlyCount "43"]
[EventDate "2015.01.23"]
[EventType "swiss"]
[EventRounds "5"]
[EventCountry "FIN"]
[SourceTitle "EXT 2016"]
[Source "ChessBase"]
[SourceDate "2015.10.08"]
[SourceVersion "1"]
[SourceVersionDate "2015.10.08"]
[SourceQuality "1"]

1. d4 d5 2. c4 c6 3. cxd5 cxd5 4. Nc3 Nf6 5. Nf3 e6 6. Bf4 a6 7. e3 Bd6 8. Bg5 0-0 9. Be2 Nbd7 10. 0-0 b5 11. Rc1 Bb7 12. Nd2 h6 13. Bh4 b4 14. Na4 Qa5 15. Bg3 Bxg3 16. hxg3 Rfc8 17. Nc5 Nxc5 18. Rxc5 Rxc5 19. Nb3 Qxa2 20. Nxc5 Bc8 21. Qc2 Nd7 22. Nb3 1-0

[Event "Helsinki We HSK 01 op"]
[Site "Helsinki"]
[Date "2015.01.23"]
[Round "1"]
[White "Kekki, Jorma J"]
[Black "Kokkala, Janne"]
[Result "1-0"]
[WhiteElo "2070"]
[BlackElo "1967"]
[PlyCount "41"]
[EventDate "2015.01.23"]
[EventType "swiss"]
[EventRounds "5"]
[EventCountry "FIN"]
[SourceTitle "EXT 2016"]
[Source "ChessBase"]
[SourceDate "2015.10.08"]
[SourceVersion "1"]
[SourceVersionDate "2015.10.08"]
[SourceQuality "1"]

1. Nf3 Nf6 2. b3 b6 3. g3 Bb7 4. Bg2 d5 5. 0-0 e6 6. Bb2 Bd6 7. c4 dxc4 8. bxc4 c6 9. Re1 Nbd7 10. e4 e5 11. d4 Qe7 12. Nc3 Ba3 13. Bxa3 Qxa3 14. Qb3 Qa5 15. d5 Nc5 16. Qc2 Nfd7 17. Nd2 b5 18. cxb5 cxd5 19. exd5 Rc8 20. Nc4 Qb4 21. Nd6+ 1-0

[Event "Helsinki We EtVaS 40 Group A"]
[Site "Helsinki"]
[Date "2014.05.18"]
[Round "4"]
[White "Kokkala, Janne"]
[Black "Paajala, Niki"]
[Result "1-0"]
[WhiteElo "1937"]
[BlackElo "1969"]
[PlyCount "119"]
[EventDate "2014.05.16"]
[EventType "swiss"]
[EventRounds "5"]
[EventCountry "FIN"]
[SourceTitle "EXT 2022"]
[Source "ChessBase"]
[SourceDate "2021.10.06"]
[SourceVersion "1"]
[SourceVersionDate "2021.10.06"]
[SourceQuality "1"]

1. f4 d5 2. Nf3 c5 3. b3 Nf6 4. e3 Nc6 5. Bb2 e6 6. Be2 a6 7. 0-0 Be7 8. h3 Nh5 9. Qe1 Bf6 10. Ne5 Bh4 11. Nxf7 Qe7 12. Qd1 Ng3 13. Nxh8 Nxf1 14. Bxf1 g6 15. Qg4 e5 16. Nxg6 hxg6 17. Qxg6+ Kd8 18. Nc3 Be6 19. g3 Kc7 20. g4 Rg8 21. Qd3 Qd7 22. f5 Bxf5 23. Qxd5 Qh7 24. Bg2 Rd8 25. Qf3 Bxc2 26. Nd5+ Kb8 27. e4 Qh6 28. Bc3 Rf8 29. Qe2 Rf2 30. Qe3 Qf8 31. Rf1 Rxf1+ 32. Bxf1 Nd4 33. Bg2 Bd1 34. d3 Ne2+ 35. Kh1 Ng3+ 36. Kh2 Nf1+ 37. Bxf1 Qxf1 38. Bxe5+ Ka8 39. Nc7+ Kb8 40. Nxa6+ Ka8 41. Nc7+ Kb8 42. Nd5+ Ka8 43. Qg1 Qxd3 44. Qg2 Bf3 45. Qb2 b5 46. Bf4 Qd4 47. Qxd4 cxd4 48. Nc7+ Kb7 49. Nxb5 d3 50. Nd6+ Kc6 51. Nc4 Bxe4 52. Bd2 Kd5 53. a4 Bf3 54. a5 Kc5 55. g5 Bd5 56. a6 Bxc4 57. bxc4 Kb6 58. Kg2 Kxa6 59. Kf3 Kb6 60. Ke4 1-0

[Event "Helsinki We EtVaS 40 Group A"]
[Site "Helsinki"]
[Date "2014.05.17"]
[Round "3"]
[White "Auvinen, Esa"]
[Black "Kokkala, Janne"]
[Result "1/2-1/2"]
[WhiteElo "1962"]
[BlackElo "1937"]
[PlyCount "58"]
[EventDate "2014.05.16"]
[EventType "swiss"]
[EventRounds "5"]
[EventCountry "FIN"]
[SourceTitle "EXT 2022"]
[Source "ChessBase"]
[SourceDate "2021.10.06"]
[SourceVersion "1"]
[SourceVersionDate "2021.10.06"]
[SourceQuality "1"]

1. e4 e5 2. Nf3 Nc6 3. Bb5 Bc5 4. 0-0 d6 5. d4 exd4 6. Nxd4 Bd7 7. Nxc6 Bxc6 8. Bxc6+ bxc6 9. Nc3 Qf6 10. Qd3 a5 11. Be3 Bxe3 12. fxe3 Qe6 13. Qd4 Nf6 14. Rf5 0-0 15. Raf1 c5 16. Qa4 Qe8 17. Qc4 Qe6 18. Qd3 Rfe8 19. R1f4 Nd7 20. Nd5 Ne5 21. Qf1 Ra7 22. Nc3 c6 23. b3 f6 24. g4 Ng6 25. Rf2 Nh4 26. R5f4 Ng6 27. Rf5 Nh4 28. R5f4 Ng6 29. Rf5 Nh4 1/2-1/2

[Event "Helsinki We Garde 3rd Group B"]
[Site "Helsinki"]
[Date "2014.03.02"]
[Round "5"]
[White "Toropainen, Jarkko"]
[Black "Kokkala, Janne"]
[Result "0-1"]
[WhiteElo "1806"]
[BlackElo "1937"]
[PlyCount "86"]
[EventDate "2014.02.28"]
[EventType "swiss"]
[EventRounds "5"]
[EventCountry "FIN"]
[SourceTitle "EXT 2022"]
[Source "ChessBase"]
[SourceDate "2021.10.06"]
[SourceVersion "1"]
[SourceVersionDate "2021.10.06"]
[SourceQuality "1"]

1. Nf3 d5 2. d4 Nf6 3. g3 Bf5 4. Bg2 e6 5. 0-0 c5 6. c3 Qb6 7. dxc5 Bxc5 8. Nd4 Bg6 9. e3 Nc6 10. Nd2 0-0 11. Qb3 e5 12. Qxb6 Bxb6 13. Nxc6 bxc6 14. c4 Rac8 15. b3 Ba5 16. a3 Bd3 17. Rd1 Bc2 18. Rf1 Bxd2 19. Bxd2 Bxb3 20. cxd5 cxd5 21. Bb4 Rfe8 22. Bh3 Rc4 23. Rab1 Ba4 24. Rfc1 Bc2 25. Rb2 Bd3 26. Rc3 Rxc3 27. Bxc3 d4 28. exd4 exd4 29. Bb4 Rb8 30. Bc3 Re8 31. Bd2 Ba6 32. Bf1 d3 33. Be3 h6 34. Bxa7 d2 35. Rxd2 Re1 36. Kg2 Bxf1+ 37. Kf3 Ra1 38. Bc5 Bb5 39. Rd4 Bc6+ 40. Kf4 Nd5+ 41. Ke5 Re1+ 42. Re4 f6+ 43. Kd4 Rd1+ 0-1

[Event "Helsinki-ch 2014 Group A1"]
[Site "Helsinki"]
[Date "2014.01.02"]
[Round "5"]
[White "Jarnefelt, Wilhelm"]
[Black "Kokkala, Janne"]
[Result "1-0"]
[WhiteElo "1835"]
[BlackElo "1880"]
[PlyCount "81"]
[EventDate "2013.12.29"]
[EventType "tourn"]
[EventRounds "9"]
[EventCountry "FIN"]
[SourceTitle "EXT 2022"]
[Source "ChessBase"]
[SourceDate "2021.10.06"]
[SourceVersion "1"]
[SourceVersionDate "2021.10.06"]
[SourceQuality "1"]

1. e4 e5 2. Nf3 Nc6 3. Bb5 Nf6 4. Qe2 d6 5. c3 a6 6. Ba4 Be7 7. d4 b5 8. Bc2 0-0 9. a4 exd4 10. axb5 Ne5 11. cxd4 Nxf3+ 12. gxf3 a5 13. b4 d5 14. bxa5 dxe4 15. fxe4 Qxd4 16. Bd2 Qxa1 17. Bc3 Qa2 18. Rg1 Qe6 19. f4 Bc5 20. f5 Qe7 21. Rg3 Bb4 22. e5 Nd5 23. f6 Bxc3+ 24. Nxc3 Nxf6 25. exf6 Qxf6 26. Qe4 Qh6 27. Qxa8 Bf5 28. Qg2 Re8+ 29. Kf1 Qf4+ 30. Qf2 Qc1+ 31. Bd1 Re6 32. Qd4 g6 33. Qd8+ Kg7 34. Qxc7 Qd2 35. Be2 Rf6 36. Rf3 Bh3+ 37. Kf2 Qd4+ 38. Ke1 Qg1+ 39. Kd2 Qd4+ 40. Rd3 Qf4+ 41. Qxf4 1-0

[Event "Helsinki We Garde 9th Group A"]
[Site "Helsinki"]
[Date "2013.09.15"]
[Round "4"]
[White "Kokkala, Janne"]
[Black "Nokso Koivisto, Antti"]
[Result "0-1"]
[WhiteElo "1880"]
[BlackElo "2125"]
[PlyCount "60"]
[EventDate "2013.09.13"]
[EventType "swiss"]
[EventRounds "5"]
[EventCountry "FIN"]
[SourceTitle "EXT 2022"]
[Source "ChessBase"]
[SourceDate "2021.10.06"]
[SourceVersion "1"]
[SourceVersionDate "2021.10.06"]
[SourceQuality "1"]

1. e4 c5 2. Nc3 Nc6 3. g3 g6 4. Bg2 Bg7 5. d3 d6 6. Be3 Rb8 7. Qd2 Qa5 8. Nge2 Nd4 9. Nc1 b5 10. 0-0 b4 11. Nd1 e6 12. Ne2 Ne7 13. f4 0-0 14. Nxd4 cxd4 15. Bf2 Qc7 16. g4 f5 17. gxf5 gxf5 18. a3 b3 19. c3 Qa5 20. h4 e5 21. fxe5 dxe5 22. Qg5 Qd8 23. cxd4 exd4 24. Rc1 Ba6 25. Bg3 h6 26. Qd2 Rb5 27. a4 Rb7 28. exf5 Nxf5 29. Bxb7 Bxb7 30. Bf2 Qd5 0-1

[Event "Helsinki We Garde 9th Group A"]
[Site "Helsinki"]
[Date "2013.09.15"]
[Round "5"]
[White "Tocklin, Tomi"]
[Black "Kokkala, Janne"]
[Result "0-1"]
[WhiteElo "1817"]
[BlackElo "1880"]
[PlyCount "108"]
[EventDate "2013.09.13"]
[EventType "swiss"]
[EventRounds "5"]
[EventCountry "FIN"]
[SourceTitle "EXT 2022"]
[Source "ChessBase"]
[SourceDate "2021.10.06"]
[SourceVersion "1"]
[SourceVersionDate "2021.10.06"]
[SourceQuality "1"]

1. e4 e5 2. Nf3 Nc6 3. Bb5 Nf6 4. d3 Bc5 5. 0-0 d6 6. c3 a6 7. Ba4 0-0 8. h3 h6 9. Re1 Nh7 10. Nbd2 f5 11. exf5 Bxf5 12. Ne4 Bb6 13. d4 exd4 14. Nxd4 Nxd4 15. cxd4 Nf6 16. Ng3 Bh7 17. Be3 Kh8 18. Bc2 Bg8 19. Nh5 Nd5 20. Qg4 Rf7 21. Bg6 Nf6 22. Qh4 Nxh5 23. Qxh5 Re7 24. Re2 Qf8 25. b3 Bf7 26. Rae1 Bxg6 27. Qxg6 Rae8 28. Qh5 Qf7 29. Qxf7 Rxf7 30. d5 Ba5 31. Bd2 Rxe2 32. Rxe2 Bxd2 33. Rxd2 Re7 34. Kf1 Kg8 35. g3 g5 36. Rd3 Kf8 37. Rf3+ Rf7 38. Re3 Re7 39. Ke2 Re5 40. Rxe5 dxe5 41. Kf3 Ke7 42. Kg4 Kf6 43. Kh5 Kg7 44. h4 gxh4 45. gxh4 Kh7 46. Kg4 Kg6 47. Kf3 Kf5 48. Ke3 h5 49. f3 a5 50. a3 b5 51. a4 b4 52. Ke2 Kf4 53. Kf2 e4 54. fxe4 Kxe4 0-1

[Event "Helsinki We Garde 9th Group A"]
[Site "Helsinki"]
[Date "2013.09.14"]
[Round "3"]
[White "Tuovinen, Jukka"]
[Black "Kokkala, Janne"]
[Result "1-0"]
[WhiteElo "2055"]
[BlackElo "1880"]
[PlyCount "99"]
[EventDate "2013.09.13"]
[EventType "swiss"]
[EventRounds "5"]
[EventCountry "FIN"]
[SourceTitle "EXT 2022"]
[Source "ChessBase"]
[SourceDate "2021.10.06"]
[SourceVersion "1"]
[SourceVersionDate "2021.10.06"]
[SourceQuality "1"]

1. e4 e5 2. Nf3 Nc6 3. d4 exd4 4. Nxd4 Bc5 5. Nxc6 bxc6 6. Bd3 d6 7. 0-0 Ne7 8. b3 0-0 9. Bb2 f5 10. exf5 Bxf5 11. Nc3 d5 12. Ne2 Ng6 13. Bxf5 Rxf5 14. Nd4 Rf7 15. Ne6 Qd6 16. Nxc5 Qxc5 17. Qd4 Qd6 18. Rad1 Nf4 19. Rd2 c5 20. Qe5 Qg6 21. g3 Raf8 22. Kh1 Rf5 23. Qxg7+ Qxg7 24. Bxg7 Kxg7 25. gxf4 Re8 26. Rg1+ Kf7 27. Rg4 c6 28. Kg2 Re4 29. Kg3 a5 30. f3 Re6 31. Rg5 Rg6 32. Kg4 Kf6 33. Rxg6+ Kxg6 34. Re2 h5+ 35. Kg3 Rf6 36. Re7 Kh6 37. Ra7 h4+ 38. Kxh4 Rxf4+ 39. Kg3 Rb4 40. Rxa5 c4 41. Ra6 cxb3 42. Rxc6+ Kg5 43. axb3 Rb5 44. c4 dxc4 45. bxc4 Rb2 46. h4+ Kh5 47. Kf4 Rh2 48. Kf5 Rxh4 49. f4 Rh1 50. Rc8 1-0

[Event "SA-2013-0-00341"]
[Site "LSS email"]
[Date "2013.04.20"]
[Round "?"]
[White "Kokkala, Janne"]
[Black "Torell, Harald"]
[Result "1-0"]
[WhiteElo "2138"]
[BlackElo "2146"]
[PlyCount "73"]
[EventDate "2013.03.19"]
[EventType "tourn (corr)"]
[EventRounds "6"]
[EventCountry "GER"]
[SourceTitle "Corr 2022"]
[Source "ChessBase"]
[SourceDate "2021.10.24"]
[SourceVersion "1"]
[SourceVersionDate "2021.10.24"]
[SourceQuality "1"]

1. e4 d6 2. d4 Nf6 3. Nc3 g6 4. f4 Bg7 5. Nf3 c5 6. Bb5+ Bd7 7. e5 Ng4 8. Bxd7+ Qxd7 9. d5 dxe5 10. h3 e4 11. hxg4 exf3 12. Qxf3 Na6 13. Bd2 0-0-0 14. 0-0-0 Nc7 15. Be1 f5 16. gxf5 Qxf5 17. g4 Qf7 18. Bg3 h5 19. f5 hxg4 20. Qf4 Na6 21. fxg6 Qxg6 22. Rxh8 Rxh8 23. Kb1 Rf8 24. Qc4 Bxc3 25. bxc3 Qf5 26. Kb2 Rd8 27. a4 Qg5 28. Qe4 Nc7 29. Rf1 Rxd5 30. Rf7 Rd7 31. Rf8+ Rd8 32. Rf5 Qg6 33. Qxe7 Qb6+ 34. Kc1 Re8 35. Qg5 Ne6 36. Qxg4 Rh8 37. a5 1-0

[Event "Jyvaskyla We JyS A"]
[Site "Jyvaskyla"]
[Date "2013.01.27"]
[Round "5"]
[White "Kokkala, Janne"]
[Black "Elomaa, Arto"]
[Result "1-0"]
[WhiteElo "1880"]
[BlackElo "2056"]
[PlyCount "77"]
[EventDate "2013.01.25"]
[EventType "swiss"]
[EventRounds "5"]
[EventCountry "FIN"]
[SourceTitle "EXT 2022"]
[Source "ChessBase"]
[SourceDate "2021.10.06"]
[SourceVersion "1"]
[SourceVersionDate "2021.10.06"]
[SourceQuality "1"]

1. d4 d5 2. c4 c6 3. Nf3 e6 4. e3 Nf6 5. Nc3 Nbd7 6. Bd3 dxc4 7. Bxc4 b5 8. Bd3 a6 9. 0-0 c5 10. b3 Bb7 11. Bb2 Rc8 12. Rc1 Bd6 13. Qe2 Qe7 14. a4 b4 15. Nb1 a5 16. Nbd2 0-0 17. e4 Bf4 18. Rc4 e5 19. d5 Ne8 20. Rc2 Bxd2 21. Nxd2 Nb6 22. Rfc1 Rc7 23. Qe3 Nd7 24. Bb5 Nd6 25. Bxd7 Qxd7 26. Rxc5 Rxc5 27. Rxc5 f5 28. Bxe5 fxe4 29. Nxe4 Nf5 30. Qd3 Rd8 31. Rc7 Qxd5 32. Rxg7+ Kf8 33. Rg8+ Kf7 34. Rxd8 Qxe4 35. Qxe4 Bxe4 36. Rd2 Ke6 37. Bc7 Bd5 38. Rd3 Be4 39. Rh3 1-0

[Event "SB-2012-0-00274"]
[Site "LSS email"]
[Date "2012.12.21"]
[Round "?"]
[White "Lombart, Philippe"]
[Black "Kokkala, Janne"]
[Result "1/2-1/2"]
[WhiteElo "1633"]
[BlackElo "2025"]
[PlyCount "68"]
[EventDate "2012.11.25"]
[EventType "tourn (corr)"]
[EventRounds "6"]
[EventCountry "GER"]
[SourceTitle "Telechess CBM 161"]
[Source "ChessBase"]
[SourceDate "2014.07.16"]
[SourceVersion "1"]
[SourceVersionDate "2014.07.16"]
[SourceQuality "1"]

1. d4 f5 2. e4 fxe4 3. Nc3 Nf6 4. f3 d5 5. fxe4 dxe4 6. Bg5 Bf5 7. Bc4 Nc6 8. Nge2 e6 9. 0-0 Be7 10. Qd2 Na5 11. Bb3 Nxb3 12. axb3 0-0 13. Rad1 h6 14. Bxf6 Bxf6 15. Qe3 Bg5 16. Nf4 Bg4 17. Rd2 Bf3 18. Nce2 Qd6 19. g3 Rad8 20. h4 e5 21. hxg5 hxg5 22. Ng2 Rf5 23. Rf2 g4 24. Nh4 Rh5 25. Rh2 Qh6 26. Qxh6 Rxh6 27. d5 Rf8 28. c4 e3 29. Rd3 Ra6 30. Rd1 g5 31. Nxf3 gxf3 32. Nc3 Rb6 33. Rh5 Rf5 34. g4 Rf4 1/2-1/2

[Event "SB-2012-0-00247"]
[Site "LSS email"]
[Date "2012.08.29"]
[Round "?"]
[White "Kokkala, Janne"]
[Black "Schulz, Hans Juergen"]
[Result "1-0"]
[WhiteElo "2032"]
[BlackElo "1825"]
[PlyCount "99"]
[EventDate "2012.08.07"]
[EventType "tourn (corr)"]
[EventRounds "6"]
[EventCountry "GER"]
[SourceTitle "Telechess CBM 159"]
[Source "ChessBase"]
[SourceDate "2014.03.17"]
[SourceVersion "1"]
[SourceVersionDate "2014.03.17"]
[SourceQuality "1"]

1. e4 e5 2. Nf3 Nc6 3. Bb5 a6 4. Ba4 Nf6 5. d3 d6 6. c3 g6 7. 0-0 Bg7 8. Re1 0-0 9. Nbd2 b5 10. Bc2 Bb7 11. a4 Re8 12. Nf1 Qd7 13. Ng3 b4 14. a5 Rab8 15. h3 bxc3 16. bxc3 Ba8 17. Ba4 Red8 18. Qc2 h6 19. Bb3 d5 20. Be3 Kh7 21. Bd2 dxe4 22. dxe4 Ne8 23. Red1 Nd6 24. Be3 Qe7 25. Bc5 Rb5 26. Rd5 Rbb8 27. h4 Qe6 28. Bxd6 cxd6 29. Rb5 Qd7 30. Rb6 Bf6 31. Bd5 Kg7 32. h5 Ne7 33. Bc4 Qc7 34. Rxb8 Rxb8 35. Bxa6 Nc6 36. Qa2 Bd8 37. hxg6 fxg6 38. Qe6 Qe7 39. Qg4 Kh7 40. Bc4 Nxa5 41. Bg8+ Kxg8 42. Qxg6+ Qg7 43. Qxd6 Bc7 44. Qe6+ Qf7 45. Qxh6 Rb6 46. Qh3 Bc6 47. Nf5 Bd7 48. Ng5 Bxf5 49. exf5 Qe7 50. Ne6 1-0

[Event "SB-2012-0-00247"]
[Site "LSS email"]
[Date "2012.08.29"]
[Round "?"]
[White "Kokkala, Janne"]
[Black "Vasquez, Gerardo"]
[Result "1/2-1/2"]
[WhiteElo "2032"]
[BlackElo "1983"]
[PlyCount "71"]
[EventDate "2012.08.07"]
[EventType "tourn (corr)"]
[EventRounds "6"]
[EventCountry "GER"]
[SourceTitle "Telechess CBM 159"]
[Source "ChessBase"]
[SourceDate "2014.03.17"]
[SourceVersion "1"]
[SourceVersionDate "2014.03.17"]
[SourceQuality "1"]

1. e4 e5 2. Nf3 Nc6 3. Bb5 a6 4. Ba4 Nf6 5. d3 d6 6. c3 Be7 7. Nbd2 0-0 8. 0-0 h6 9. Re1 Re8 10. Nf1 Bf8 11. Ne3 d5 12. exd5 Nxd5 13. d4 exd4 14. Nxd4 Bd7 15. Nxc6 Bxc6 16. Bxc6 bxc6 17. Qa4 Qf6 18. Bd2 Bc5 19. Ng4 Qd6 20. Rad1 h5 21. Ne3 Qf6 22. Qc4 Bb6 23. Qf1 a5 24. Nc4 Qf5 25. h3 a4 26. Nxb6 cxb6 27. Qc4 Rxe1+ 28. Rxe1 c5 29. Bc1 Nc7 30. Rd1 Qb1 31. Qh4 Ne6 32. a3 g6 33. Qf6 Qc2 34. Re1 Rd8 35. Kh2 Rd7 36. Bf4 1/2-1/2

[Event "OP-2012-0-02297"]
[Site "LSS email"]
[Date "2012.07.14"]
[Round "?"]
[White "Kokkala, Janne"]
[Black "Molina, Vicente Andres"]
[Result "1-0"]
[WhiteElo "1853"]
[BlackElo "867"]
[PlyCount "51"]
[EventDate "2012.07.11"]
[EventType "tourn (corr)"]
[EventRounds "4"]
[EventCountry "GER"]
[SourceTitle "Telechess CBM 153"]
[Source "ChessBase"]
[SourceDate "2013.03.14"]
[SourceVersion "1"]
[SourceVersionDate "2013.03.14"]
[SourceQuality "1"]

1. e4 c5 2. Nc3 d6 3. f4 Nc6 4. Nf3 e6 5. d4 cxd4 6. Nxd4 Nf6 7. Be3 a6 8. Qf3 Qc7 9. 0-0-0 Be7 10. g4 0-0 11. g5 Nd7 12. h4 Nxd4 13. Bxd4 e5 14. fxe5 dxe5 15. Nd5 Qd8 16. Bc3 Bd6 17. Nf6+ Nxf6 18. gxf6 h5 19. fxg7 Bg4 20. gxf8Q+ Qxf8 21. Qg2 Rc8 22. Be2 f5 23. exf5 Qxf5 24. Rxd6 Kf7 25. Qxb7+ Kf8 26. Rf1 1-0

[Event "OP-2012-0-02297"]
[Site "LSS email"]
[Date "2012.07.14"]
[Round "?"]
[White "Rush, Bradley"]
[Black "Kokkala, Janne"]
[Result "0-1"]
[WhiteElo "916"]
[BlackElo "1853"]
[PlyCount "40"]
[EventDate "2012.07.11"]
[EventType "tourn (corr)"]
[EventRounds "4"]
[EventCountry "GER"]
[SourceTitle "Telechess CBM 153"]
[Source "ChessBase"]
[SourceDate "2013.03.14"]
[SourceVersion "1"]
[SourceVersionDate "2013.03.14"]
[SourceQuality "1"]

1. b4 e5 2. Bb2 Bxb4 3. Bxe5 Nf6 4. c3 Be7 5. c4 Nc6 6. Bb2 0-0 7. e3 d5 8. cxd5 Nxd5 9. a3 Bf6 10. Qb3 Be6 11. Bc4 Na5 12. Qa2 Nxc4 13. Bxf6 Qxf6 14. d4 Ncxe3 15. Qd2 Nxg2+ 16. Kd1 Bg4+ 17. Kc1 Rfe8 18. f3 Re1+ 19. Kb2 Qb6+ 20. Ka2 Be6 0-1